|
|
|
|
| LEADER |
00000nam0a2200000 4500 |
| 001 |
253887 |
| 005 |
20231101232903.0 |
| 010 |
|
|
|a 9785160096230
|
| 035 |
|
|
|a (RuTPU)RU\TPU\book\276306
|
| 090 |
|
|
|a 253887
|
| 100 |
|
|
|a 20140318d2014 m y0rusy50 ca
|
| 101 |
0 |
|
|a rus
|
| 102 |
|
|
|a RU
|
| 105 |
|
|
|a y j 001zy
|
| 200 |
1 |
|
|a Анализ денежных потоков организации. Сборник задач с методическими рекомендациями и ответами к решению задач
|e учебное пособие для вузов
|f Н. А. Алексеева
|
| 210 |
|
|
|a Москва
|c Инфра-М
|d 2014
|
| 215 |
|
|
|a 159 с.
|c ил.
|
| 225 |
1 |
|
|a Высшее образование. Бакалавриат
|
| 320 |
|
|
|a Библиогр.: с. 156.
|
| 330 |
|
|
|a В учебном пособии изложены задачи, методические рекомендации и ответы к решению задач, с помощью которых обучающиеся могут освоить основные понятия, сущность и свойства денежных средств, источники информации о движении денежных средств, принципы формирования и анализа денежных потоков, методы и направления анализа денежных средств, включая оптимизацию и прогнозирование денежных потоков организации. Учебное пособие включает темы и вопросы, изучение которых необходимо для овладения компетенциями, предусмотренными ФГОС ВПО РФ по направлению подготовки 080100 Экономика (квалификация (степень) «бакалавр»), утвержденным приказом Министерства образования и науки РФ от 21.12.2009 г. № 747. Для студентов высших учебных заведений, аспирантов, магистров, слушателей бизнес-школ.
|
| 606 |
1 |
|
|a Предприятия
|x Финансовый анализ
|2 stltpush
|3 (RuTPU)RU\TPU\subj\36684
|9 57977
|
| 610 |
1 |
|
|a организации
|
| 610 |
1 |
|
|a денежные потоки
|
| 610 |
1 |
|
|a финансовый анализ
|
| 610 |
1 |
|
|a комплексный анализ
|
| 610 |
1 |
|
|a количественный анализ
|
| 610 |
1 |
|
|a оценка
|
| 610 |
1 |
|
|a эффективность
|
| 610 |
1 |
|
|a прогнозирование
|
| 610 |
1 |
|
|a оптимизация
|
| 610 |
1 |
|
|a проектный анализ
|
| 610 |
1 |
|
|a инфляция
|
| 610 |
1 |
|
|a задачи
|
| 610 |
1 |
|
|a решения
|
| 610 |
1 |
|
|a учебные пособия
|
| 686 |
|
|
|a У9(2)261.9я73
|v LBC/SL-A
|2 rubbk
|
| 700 |
|
1 |
|a Алексеева
|b Н. А.
|g Наталья Анатольевна
|
| 801 |
|
1 |
|a RU
|b 63413507
|c 20140318
|
| 801 |
|
2 |
|a RU
|b 63413507
|c 20200115
|g RCR
|
| 942 |
|
|
|c BK
|
| 959 |
|
|
|a 51/20140317
|d 2
|e 199,90
|f ЧЗГЛ:1
|f АНЛ:1
|